| Tag |
First Indicator |
Second Indicator |
Subfields |
| LEADER |
00000cam a2200000 i 4500 |
| 001 |
in00000055631 |
| 005 |
20151008052255.0 |
| 008 |
790626s1963 enk b 00110 eng d |
| 010 |
|
|
|a 63024689
|
| 035 |
|
|
|a (OCoLC)05108298
|
| 035 |
|
|
|9 AAH2571AM
|
| 040 |
|
|
|a MBB
|c MBB
|d TXA
|d UtOrBLW
|
| 049 |
|
|
|a TXAM
|c [367820]
|
| 050 |
|
0 |
|a LB1027.5
|b .P54
|
| 092 |
|
|
|a 371.422
|b P597p 1963
|
| 100 |
1 |
|
|a Pickford, R. W.
|q (Ralph William),
|d 1903-
|
| 245 |
1 |
0 |
|a Pickford projective pictures. With the assistance of Ruth Bowyer & John Struthers /
|c Pictures by Winifred McElroy.
|
| 264 |
|
1 |
|a London :
|b Tavistock Publications;
|a New York, Springer,
|c 1963.
|
| 300 |
|
|
|a xi, 122 pages ;
|c 23 cm.
|a & 120 picture cards (10 x 14 cm.) in box.
|
| 336 |
|
|
|a text
|b txt
|2 rdacontent
|
| 337 |
|
|
|a unmediated
|b n
|2 rdamedia
|
| 338 |
|
|
|a volume
|b nc
|2 rdacarrier
|
| 500 |
|
|
|a Includes index.
|
| 504 |
|
|
|a Bibliography: pages 118-120.
|
| 650 |
|
0 |
|a Educational counseling
|x Audio-visual aids.
|
| 650 |
|
0 |
|a Pickford projective pictures.
|
| 700 |
1 |
|
|a McElroy, Winifred.
|
| 999 |
|
|
|a MARS
|
| 999 |
f |
f |
|s be65d3d3-7da0-3599-9aec-231c4b48f323
|i 14e2b98a-86f6-3e22-904c-37a5421d2418
|t 0
|
| 952 |
f |
f |
|p normal
|a Texas A&M University
|b College Station
|c Sterling C. Evans Library
|d Evans: Library Stacks
|t 0
|e LB1027.5 .P54
|h Library of Congress classification
|i unmediated -- volume
|k picture cards
|m A14805828311
|
| 952 |
f |
f |
|p normal
|a Texas A&M University
|b College Station
|c Sterling C. Evans Library
|d Evans: Library Stacks
|t 0
|e LB1027.5 .P54
|h Library of Congress classification
|i unmediated -- volume
|m A14830296727
|
| 998 |
f |
f |
|a LB1027.5 .P54
|s picture cards
|t 0
|l Evans: Library Stacks
|